| 000 | 00467pab a2200181 454500 | ||
|---|---|---|---|
| 008 | 180718b2001 xxu||||| |||| 00| 0 eng d | ||
| 100 | _aGill, P.P.S. | ||
| 245 | _aSpecific measures for implementation | ||
| 260 | _c2001 | ||
| 300 | _ap.14 | ||
| 362 | _a19 Nov | ||
| 650 | _aAgricultural planning - India | ||
| 650 | _aAgricultural development | ||
| 650 | _aAgricultural policy - India | ||
| 650 | _aAgricultural policy | ||
| 773 | _aTribune | ||
| 909 | _a51001 | ||
| 999 |
_c51001 _d51001 |
||